000 00356nam a22001337a 4500
020 _qPB.
040 _cFIZZA ISHAQ
082 _a004.165
_bGLE
100 _aASHOK,GLENN.
_990789
245 _aMICRO COMPUTER SYSTEM OPTIMIZATION CONCEPTS AND APPLICATIONS /
_cGLENN ASHOK.
260 _aNEW DEHLI.
_bPEARSON,
_c2018.
300 _a623 P. ;
942 _2ddc
_cBK
999 _c589020
_d589020